| 000 | 00680na a2200253 4500 | ||
|---|---|---|---|
| 001 | 19855 | ||
| 003 | MIRAKIL | ||
| 005 | 20181213154944.0 | ||
| 008 | 161227b tu 000 0 | ||
| 020 | _a9789944250757 | ||
| 040 |
_aMilas _btur _cTR-AnCHP |
||
| 041 | _atur | ||
| 082 |
_a320.55 _bS36 2010 |
||
| 090 | _a320.55 S36 2010 | ||
| 100 | _aSerter, Nur | ||
| 245 |
_aDinde siyasal islam tekeli _cNur Serter |
||
| 260 |
_aİstanbul _bDerin Yayınları _c2010 |
||
| 300 |
_a218 s. _c21 sm. |
||
| 500 | _aYapıt yazarından imzalıdır. | ||
| 500 | _aKaynakça var. | ||
| 650 |
_aSiyasal İslam _zTürkiye |
||
| 650 |
_aİslam ve politika _zTürkiye |
||
| 942 |
_2ddc _cBKS |
||
| 999 |
_c3813 _d3813 |
||